Twenty One Pilots - Sudden Death - Statistics

General Stats
  • This quiz has been taken 1,786 times
    1,684 since last reset
  • The average score is 7 of 16
Answers on the Grid
Answers color-coded by a green-red scale on the quiz's grid according to % correct below.
Car Radio
Save
Implicit Demand For Proof
Cancer
Taken By Sleep
The Noose
Ruby
A Hole you can't Escape
Drown
Addict With a Pen
Kitchen Sink
Trench
Holding Onto You
Coconut Sharks in the Water
The Line
Time To Say Goodbye
I Want To Know
Shy Away
A Car, A Torch, A Death
Oh Ms. Believer
Korea
Where Did We Go
Hear Me Out
Prove Me Wrong
Screen
We Don't Believe What's On TV
Falling Too
Going Down
Smithereens
Just Like Yesterday
 
Answer Stats
Answer % Correct
Car Radio
92%
Implicit Demand For Proof
61%
Cancer
59%
Addict With a Pen
55%
Ruby
53%
Kitchen Sink
52%
Holding Onto You
49%
We Don't Believe What's On TV
46%
Shy Away
45%
Smithereens
44%
The Line
44%
A Car, A Torch, A Death
42%
Oh Ms. Believer
41%
Screen
40%
Coconut Sharks in the Water
16%
Korea
9%
No matching quizzes found
Score Distribution
Percent of People with Each Score
Percentile by Number Answered
Your Score History
You have not taken this quiz since the last reset